00753nam a2200217 4500003000400000005001700004008004100021020004500062040001800107050001800125100003300143245011800176264003800294300002100332336002200353337002400375338002400399650005100423650002600474700003500500OSt20260601193858.0260421b2011 xxu |||| |||| 00| 0 eng d a9781586487980 (empastado, cubierta dura) aICIbspacICI aHC59.7 bB345 1aBanerjee, Abhijit V.,eautor 1aPoor economics :ba radical rethinking of the way to fight global poverty /cAbhijit V. Banerjee and Esther Duflo aNew York :bPublicAffairs,cc2011 axi,303 páginas 2rdacontentatexto 2rdamediaasin medio 2rdacarrieravolumen 0aAsistencia económicazPaíses en desarrollo 0aPobrezaxPrevención 1aDuflo, Esther,d972- , eautor